[Event "CRO-chT"]
[Site "Pula"]
[Date "2000.09.13"]
[Round "3"]
[White "Palac, Mladen"]
[Black "Lalic, Bogdan"]
[Result "1/2-1/2"]
[WhiteElo "2573"]
[BlackElo "2520"]
[PlyCount "59"]
[EventDate "2000.09.??"]
[Source "www.chesslib.no"]
[SourceDate "2004.05.04"]

1. e4 d6 2. d4 Nf6 3. Nc3 g6 4. f4 Bg7 5. Nf3 c5 6. Bb5+ Bd7 7. e5 Ng4 8. Bxd7+ Qxd7 9. d5 dxe5 10. h3 e4 11. Nxe4 Nf6 12. Nxf6+ Bxf6 13. O-O O-O 14. Be3 Bxb2 15. Rb1 Bg7 16. Bxc5 Rd8 17. c4 Qc7 18. Bd4 Qxc4 19. Bxg7 Kxg7 20. Rxb7 Qxd5 21. Qxd5 Rxd5 22. Rxe7 Nc6 23. Rc7 Nd8 24. Re1 a5 25. Ree7 Ra6 26. Red7 Rad6 27. Rxd6 Rxd6 28. Ra7 Nc6 29. Ra6 Rd1+ 30. Kh2 1/2-1/2

[Event "Chigorin Memorial"]
[Site "St. Petersburg"]
[Date "2004.10.22"]
[Round "7.4"]
[White "Klimov, Sergey"]
[Black "Kornev, Alexei"]
[Result "1-0"]
[WhiteElo "2509"]
[BlackElo "2582"]
[PlyCount "79"]
[EventDate "2004.10.15"]
[Source "Roberto Alvarez"]
[SourceDate "2004.11.08"]

1. d4 d6 2. e4 Nf6 3. Nc3 g6 4. f4 Bg7 5. Nf3 c5 6. Bb5+ Bd7 7. Bxd7+ Nfxd7 8. d5 b5 9. Nxb5 Qa5+ 10. Nc3 Bxc3+ 11. bxc3 Qxc3+ 12. Bd2 Qc4 13. Qe2 Qxe2+ 14. Kxe2 Nf6 15. Kd3 Na6 16. Rab1 O-O 17. c4 Rfb8 18. a3 Nd7 19. g4 Nb6 20. Rb5 Nc7 21. Rb3 e6 22. Rbb1 Re8 23. h4 Rab8 24. h5 Na4 25. hxg6 hxg6 26. Ng5 e5 27. fxe5 dxe5 28. Nh7 Kg7 29. Bg5 Rxb1 30. Bf6+ Kg8 31. Rxb1 Nb6 32. Ng5 Nd7 33. Rb7 Nxd5 34. cxd5 Nxf6 35. Nxf7 c4+ 36. Kxc4 Nxe4 37. Nh6+ Kh8 38. Nf7+ Kg8 39. d6 Rf8 40. d7 1-0

[Event "DE BL"]
[Site "?"]
[Date "1991.??.??"]
[Round "?"]
[White "Glek, Igor V"]
[Black "Lobron, Eric"]
[Result "1/2-1/2"]
[WhiteElo "2540"]
[BlackElo "2545"]
[PlyCount "117"]
[EventDate "1991.??.??"]
[Source "www.chesslib.no"]
[SourceDate "2004.05.04"]

1. e4 d6 2. d4 Nf6 3. Nc3 g6 4. f4 Bg7 5. Nf3 c5 6. dxc5 Qa5 7. Bd3 Qxc5 8. Qe2 Bg4 9. Be3 Qa5 10. O-O O-O 11. h3 Bxf3 12. Qxf3 Nc6 13. a3 Nd7 14. Bd2 Qb6+ 15. Kh1 Nc5 16. Rab1 Nxd3 17. cxd3 f5 18. g4 e6 19. gxf5 exf5 20. Nd5 Qb3 21. Bc3 Rae8 22. Qg2 Ne7 23. Bxg7 Kxg7 24. Nc7 Rc8 25. Rbc1 Nc6 26. Rc3 Qf7 27. Nd5 fxe4 28. dxe4 Ne7 29. Rxc8 Rxc8 30. Ne3 Kh8 31. Qd2 Rc6 32. f5 Ng8 33. Nd5 h6 34. Qd4+ Kh7 35. Qxa7 gxf5 36. Qf2 Rc8 37. b4 Rc4 38. Qe2 b5 39. Qd3 Ne7 40. Ne3 Rc8 41. exf5 Qf6 42. Ng4 Qc3 43. Qe4 Qc6 44. Qxc6 Rxc6 45. f6 Ng6 46. Re1 Rc7 47. Re8 h5 48. Ne3 Rc3 49. f7 Kg7 50. Nf5+ Kxf7 51. Nxd6+ Kg7 52. Nxb5 Rxh3+ 53. Kg1 Rb3 54. Ra8 Ne5 55. Nd4 Rd3 56. Ne2 Rb3 57. Ra5 Nc4 58. Rxh5 Nxa3 59. b5 1/2-1/2

[Event "EUCup 17th"]
[Site "Panormo"]
[Date "2001.09.29"]
[Round "7"]
[White "Atlas, Valeri"]
[Black "Chernin, Alexander"]
[Result "1/2-1/2"]
[WhiteElo "2484"]
[BlackElo "2601"]
[PlyCount "28"]
[EventDate "2001.09.22"]
[Source "ChessBase"]
[SourceDate "2001.10.26"]

1. e4 d6 2. d4 Nf6 3. Nc3 g6 4. f4 Bg7 5. Nf3 c5 6. Bb5+ Bd7 7. e5 Ng4 8. Bxd7+ Qxd7 9. d5 dxe5 10. h3 e4 11. Nxe4 Nf6 12. Nxf6+ Bxf6 13. O-O O-O 14. Be3 Bxb2 1/2-1/2